Competency Mapping/ (Record no. 189247)
[ view plain ]
| 000 -LEADER | |
|---|---|
| fixed length control field | 00545nam a22001817a 4500 |
| 005 - DATE AND TIME OF LATEST TRANSACTION | |
| control field | 20220922123115.0 |
| 010 ## - LCCN (DPL NO) | |
| LC control number | B-745667 |
| 020 ## - INTERNATIONAL STANDARD BOOK NUMBER | |
| International Standard Book Number | 9788174467454 |
| Terms of availability | 295 |
| 037 ## - SOURCE OF ACQUISITION | |
| Source of stock number/acquisition | Excel Books |
| 100 ## - MAIN ENTRY--PERSONAL NAME | |
| Personal name | Sahu, R K |
| 245 ## - TITLE STATEMENT | |
| Title | Competency Mapping/ |
| Statement of responsibility, etc | R K Sahu |
| 260 ## - PUBLICATION, DISTRIBUTION, ETC. (IMPRINT) | |
| Place of publication, distribution, etc | New Delhi |
| Name of publisher, distributor, etc | Excel Books |
| Date of publication, distribution, etc | 2012 |
| 270 ## - ADDRESS | |
| Address | A-45, Naraina Phase I, New Delhi |
| 300 ## - PHYSICAL DESCRIPTION | |
| Extent | 301p |
| Other physical details | ill |
| Dimensions | 24 Cm (pb) |
| 500 ## - GENERAL NOTE | |
| General note | Index |
| 942 ## - ADDED ENTRY ELEMENTS (KOHA) | |
| Source of classification or shelving scheme | Dewey Decimal Classification |
| Item type | English Books |
| Edition | First Edition |
| Classification part | 658.4012 |
| Call number suffix | SAH |
| Withdrawn status | Lost status | Not for loan | Collection code | Home library | Current library | Date acquired | Source of acquisition | Cost, normal purchase price | Full call number | Barcode | Copy number | Cost, replacement price | Koha item type | Public note |
|---|---|---|---|---|---|---|---|---|---|---|---|---|---|---|
| Non-fiction | Ashok Vihar | Ashok Vihar | 22/09/2022 | 22.9.22/Gift | 295.00 | 658.4012 SAH | B-745667 | 1 | 295.00 | English Books | Gift |
